[Event "SVK-chT2A 0809"]
[Site "Slovakia"]
[Date "2008.10.11"]
[Round "1.8"]
[White "Diviak, Rastislav"]
[Black "Belan, Julius"]
[Result "1-0"]
[WhiteElo "2022"]
[BlackElo "1661"]
[PlyCount "79"]
[EventDate "2008.10.11"]
[EventType "team-tourn"]
[EventRounds "11"]
[EventCountry "SVK"]
[SourceTitle "EXT 2010"]
[Source "ChessBase"]
[SourceDate "2010.11.25"]
[SourceVersion "1"]
[SourceVersionDate "2010.11.25"]
[SourceQuality "1"]
[WhiteTeam "Osuske"]
[BlackTeam "Modra II"]
[WhiteTeamCountry "SVK"]
[BlackTeamCountry "SVK"]

1. e4 e5 2. Nf3 Nc6 3. Bb5 d6 4. d4 Bd7 5. Nc3 Nf6 6. 0-0 Be7 7. Re1 0-0 8. h3 exd4 9. Nxd4 Nxd4 10. Qxd4 c6 11. Bc4 h6 12. Bf4 Ne8 13. Rad1 Be6 14. Bb3 Qc7 15. Qd2 Kh7 16. Ne2 Rd8 17. Nd4 Qd7 18. Qd3 Kh8 19. c4 Bf6 20. e5 dxe5 21. Bxe5 Bxe5 22. Rxe5 Nf6 23. Qe3 Rfe8 24. Nxe6 Qxd1+ 25. Bxd1 Rxd1+ 26. Kh2 fxe6 27. Rxe6 Rxe6 28. Qxe6 Rd7 29. g4 Rd2 30. Qc8+ Kh7 31. Qxb7 Rxf2+ 32. Kg1 Rc2 33. Qxc6 Rxb2 34. a4 Rb3 35. Kg2 Rc3 36. a5 Ng8 37. Qe4+ Kh8 38. a6 Nf6 39. Qa8+ Kh7 40. Qxa7 1-0